Music Quiz

Random Music or Lyrics Quiz

Song Titles in Opening Lyrics II Quiz Stats

 Plays Quiz Updated Nov 7, 2018

Challenge
Share
Tweet
Embed
Score 0/18 Timer 06:00
2 Plays Today
Opening Lyrics Song % Correct
[Title], don't make it bad/Take a sad song and make it betterHey Jude
75.3%
They tried to make me go to [title], but I said, 'No, no, no.'Rehab
75%
Can we pretend that [title] in the night sky are like shooting stars?Airplanes
62.6%
You would not believe your eyes if ten million [title]/Lit up the world as I fell asleepFireflies
60.4%
No one knows what it's like/To be the bad man/To be the sad man/[Title]Behind Blue Eyes
50.6%
The moment I wake up, before I put on my makeup/[Title] for youI Say a Little Prayer
49.7%
Lord, I was born a [title]/Tryin' to make a livin' and doin' the best I canRamblin' Man
48.3%
It's been [title] since you looked at me/
Cocked your head to the side and said, 'I'm angry'
One Week
46.2%
Shake your [title] like somebody 'bout to pay yaMoney Maker
42.7%
Opening Lyrics Song % Correct
Twenty-twenty-twenty-four hours to go/[Title]I Wanna Be Sedated
38.4%
You're as [title]/You're willing to sacrifice our loveCold as Ice
38.2%
Tell me how I'm supposed to breathe with [title]No Air
37.4%
[Title], we got fun and games/
We got everything you want, honey, we know the names
Welcome to the Jungle
34%
Once I had a love, and it was a gas/Soon turned out, had a [title]Heart of Glass
25%
I wear my [title] so I can, so I can/Watch you weave, then breathe your story linesSunglasses at Night
24.3%
[Title]/Just can't wait to get [title]/The life I love is making music with my friendsOn the Road Again
16.3%
Tall and tan and young and lovely/[Title] goes walkingThe Girl From Ipanema
14.7%
[Title], will make you weep/You'll cry and cry, and try to sleepYour Cheatin' Heart
4.4%

You're not logged in!

Compare scores with friends on all Sporcle quizzes.
OR
Log In

You Might Also Like...

Show Comments

Extras

Top Quizzes Today


Score Distribution

Your Account Isn't Verified!

In order to create a playlist on Sporcle, you need to verify the email address you used during registration. Go to your Sporcle Settings to finish the process.

Report this User

Report this user for behavior that violates our Community Guidelines.

Details: